=LDR 00000nam 2200000 4500 =001 NUTBA000000000004169 =005 20140904090244.0 =006 =007 =008 =020 ##$$a 978-602-19245-3-2 =035 ##$$a 0010-091400000000202 =040 ##$$a NBPDMAT =082 ##$$a 663.63 =084 ##$$a 663.63 Kri d =100 ##$$a Kristin Ningrum =245 ##$$a Dahsyatnya Khasiat Jus Untuk Golongan darah / $c Kristin Ningrum =250 ##$$a Cet. 1 =260 ##$$a Jakarta : $b Dunia Sehat, $c 2012 =300 ##$$a vi, 132 hlm. : $b ilus. ; $c 19 cm. =500 ##$$a Bibliografi : hlm. 132 =650 ##$$a MINUMAN JUS =990 ##$$a 21408162